Structural properties of porous materials and powders used in different fields of science and technology / (Record no. 597802)

000 -LEADER
fixed length control field 00358nam a2200109Ia 4500
008 - FIXED-LENGTH DATA ELEMENTS--GENERAL INFORMATION
fixed length control field 230907s9999||||xx |||||||||||||| ||und||
082 ## - DEWEY DECIMAL CLASSIFICATION NUMBER
Classification number 620.116
Author Mark VOL
100 ## - MAIN ENTRY--PERSONAL NAME
Personal name Volfkovich, Yury Mironovich
9 (RLIN) 115190
245 #0 - TITLE STATEMENT
Title Structural properties of porous materials and powders used in different fields of science and technology /
300 ## - PHYSICAL DESCRIPTION
Extent pages cm
942 ## - ADDED ENTRY ELEMENTS (KOHA)
Koha item type Book
Holdings
Withdrawn status Lost status Damaged status Not for loan Permanent Location Current Location Date acquired Total Checkouts Full call number Barcode Date last seen Price effective from Koha item type
        US-Pakistan Center for Advanced Studies in Energy (USPCAS-E) US-Pakistan Center for Advanced Studies in Energy (USPCAS-E) 01/03/2018   620.116 VOL CAS-E0001901 09/12/2023 09/12/2023 Book
© 2023 Central Library, National University of Sciences and Technology. All Rights Reserved.